| 000 | 00348pab a2200145 454500 | ||
|---|---|---|---|
| 008 | 180718b2002 xxu||||| |||| 00| 0 eng d | ||
| 100 | _aChakraborty, P. | ||
| 245 | _aCancer of corruption and the numbing millennium | ||
| 260 | _c2002 | ||
| 300 | _ap.60-67. | ||
| 362 | _aDec | ||
| 650 | _aCorruption | ||
| 773 | _aAdministrator | ||
| 909 | _a57980 | ||
| 999 |
_c57980 _d57980 |
||